Statistics for Ice Type Pokémon

Click here to take the quiz!

General Stats

  • This quiz has been taken 7 times
  • The average score is 26 of 48

Answer Stats

GenerationPokémon% Correct
IArticuno
100%
IDewgong
100%
IVGlaceon
100%
IIIGlalie
80%
IJynx
80%
ILapras
80%
IISneasel
80%
IIISnorunt
80%
IVWeavile
80%
IVAbomasnow
60%
VIAvalugg
60%
VBeartic
60%
VIBergmite
60%
ICloyster
60%
VCryogonal
60%
VCubchoo
60%
IIDelibird
60%
VIIIEiscue
60%
IVFroslass
60%
IIIRegice
60%
IISmoochum
60%
IVSnover
60%
VVanillish
60%
VVanillite
60%
VVanilluxe
60%
IIIWalrein
60%
VIAmaura
40%
VIIIArctovish
40%
VIIIArctozolt
40%
VIAurorus
40%
IXCetitan
40%
IXCetoddle
40%
VIICrabominable
40%
VIIIFrosmoth
40%
VIIIGlastrier
40%
IXIron Bundle
40%
VKyurem
40%
IVMamoswine
40%
VIIIMr. Rime
40%
IIPiloswine
40%
IIISealeo
40%
VIIISnom
40%
IIISpheal
40%
IISwinub
40%
IXArctibax
20%
IXBaxcalibur
20%
IXChien-Pao
20%
IXFrigibax
20%

Score Distribution

Percentile by Number Answered

Percent of People with Each Score

Your Score History

You have not taken this quiz